Andrés Bello : la pasión por el orden /

Bibliographic Details
Main Author: Jaksic, Iván
Format: Libro
Language:Spanish
Published: Santiago] Universidad de Chile Universitaria 2001
Edition:1a. ed.
Series:Imágen de Chile
Subjects:
Online Access:

MARC

LEADER 00000nam a22000007a 4500
001 022369
003 UAHC_CL
005 20170803122117.0
008 011114s2001 cl 001 0 spa d
020 |a 9561115778 
040 |a AQ06  |d BA01  |d AG14  |d EC19  |d CF20  |d CS39  |d CS40  |d CB18  |d FI38  |d ME47  |d OD59 
082 0 4 |2 20 
082 0 4 |a 465.09  |2 20 
100 1 |a Jaksic, Iván 
245 1 0 |a Andrés Bello :  |b la pasión por el orden /  |c Iván Jaksic A. 
250 |a 1a. ed. 
260 |a Santiago]  |b Universidad de Chile  |b Universitaria  |c 2001 
300 |a 323 p. 
490 0 |a Imágen de Chile 
500 |a Incluye índice 
504 |a Bibliografâia: p. 295-310. 
600 1 4 |a BELLO, ANDRES  |d 1781-1865  |x CRITICA E INTERPRETACION 
900 |a 920 JAK 
942 |c BK 
952 |0 0  |1 0  |4 0  |6 920_000000000000000_JAK  |7 0  |8 General  |9 44465  |a BC  |b BC  |c General  |d 2017-08-03  |l 0  |o 920 JAK  |p 1340481  |r 2026-01-13 00:00:00  |t 1  |w 2017-08-03  |y BK 
952 |0 0  |1 0  |4 0  |6 920_000000000000000_JAK  |7 0  |8 General  |9 44466  |a BC  |b BC  |c General  |d 2017-08-03  |l 0  |o 920 JAK  |p 1340582  |r 2026-01-13 00:00:00  |t 2  |w 2017-08-03  |y BK 
999 |c 22369  |d 22369